[Event "Sunny Beach op-B 13th"]
[Site "Sunny Beach"]
[Date "2014.09.12"]
[Round "7"]
[White "Dimitrov, Petko"]
[Black "Nedev, Tanio"]
[Result "0-1"]
[WhiteElo "2243"]
[BlackElo "2153"]
[PlyCount "84"]
[EventDate "2014.09.06"]
[EventType "swiss"]
[EventRounds "9"]
[EventCountry "BUL"]
[SourceTitle "CBM 162 Extra"]
[Source "ChessBase"]
[SourceDate "2014.10.17"]
[SourceVersion "1"]
[SourceVersionDate "2014.10.17"]
[SourceQuality "1"]

1. Nf3 d5 2. g3 Nf6 3. Bg2 c6 4. b3 Bg4 5. 0-0 e6 6. Bb2 Nbd7 7. c4 Bd6 8. d4 Qe7 9. a3 a5 10. Nc3 0-0 11. Re1 dxc4 12. bxc4 e5 13. h3 Bh5 14. d5 Bg6 15. Nh4 Nc5 16. Nxg6 hxg6 17. dxc6 bxc6 18. Bxc6 Rab8 19. Nb5 Rfd8 20. Qc2 e4 21. Rad1 e3 22. f4 Nh5 23. Nxd6 Rxd6 24. Rxd6 Qxd6 25. Bd5 Nxg3 26. Be5 Qb6 27. Kh2 Nf5 28. Rg1 Rd8 29. Rb1 Qa7 30. Qb2 Qe7 31. Rg1 Nd7 32. Bc7 Rf8 33. Qb7 Qxa3 34. Rxg6 Qa2 35. Rg2 Nh4 36. c5 Qd2 37. Bd6 Nxg2 38. Bxg2 Qxe2 39. c6 Qd2 40. cxd7 Qxd6 41. Qd5 Qe7 42. Qd3 a4 0-1

[Event "Kesarovski Georgiev Memorial-B 12th"]
[Site "Sunny Beach"]
[Date "2013.09.08"]
[Round "9"]
[White "Nedev, Tanio"]
[Black "Aliyev, Ravan"]
[Result "1-0"]
[WhiteElo "2153"]
[BlackElo "1897"]
[PlyCount "69"]
[EventDate "2013.08.31"]
[EventType "swiss"]
[EventRounds "9"]
[EventCountry "BUL"]
[SourceTitle "CBM 156 Extra"]
[Source "ChessBase"]
[SourceDate "2013.10.22"]
[SourceVersion "1"]
[SourceVersionDate "2013.10.22"]
[SourceQuality "1"]

1. d4 Nf6 2. c4 g6 3. Nc3 Bg7 4. Bg5 d6 5. e3 Nbd7 6. h3 0-0 7. Nf3 e5 8. Be2 h6 9. Bh4 b6 10. 0-0 Bb7 11. Qc2 g5 12. Bg3 e4 13. Nd2 Re8 14. d5 Qe7 15. Nb5 Nf8 16. Nd4 Qd7 17. h4 Ng6 18. hxg5 hxg5 19. Rae1 Ne5 20. Bxe5 Rxe5 21. f3 exf3 22. N2xf3 Rxe3 23. Nf5 Ree8 24. Bd3 g4 25. Qd2 Rxe1 26. Rxe1 Re8 27. Qg5 Rxe1+ 28. Nxe1 Ne8 29. Qxg4 Kf8 30. Qh4 Bc8 31. Qh7 f6 32. Nf3 Qf7 33. N3h4 Qg8 34. Ng6+ Kf7 35. Nh6# 1-0

[Event "Kesarovski Georgiev Memorial 11th"]
[Site "Sunny Beach"]
[Date "2012.09.09"]
[Round "9"]
[White "Nedev, Tanio"]
[Black "Taylor, Robert Graham"]
[Result "1/2-1/2"]
[WhiteElo "2162"]
[BlackElo "1929"]
[PlyCount "23"]
[EventDate "2012.09.01"]
[EventType "swiss"]
[EventRounds "9"]
[EventCountry "BUL"]
[SourceTitle "CBM 150 Extra"]
[Source "ChessBase"]
[SourceDate "2012.10.19"]
[SourceVersion "1"]
[SourceVersionDate "2012.10.19"]
[SourceQuality "1"]

1. d4 Nf6 2. c4 g6 3. Nc3 Bg7 4. Bg5 h6 5. Bh4 0-0 6. e3 c6 7. Nf3 d5 8. h3 Be6 9. cxd5 cxd5 10. Be2 Nfd7 11. 0-0 f5 12. Qb3 1/2-1/2

[Event "Kesarovski Georgiev Memorial 11th"]
[Site "Sunny Beach"]
[Date "2012.09.07"]
[Round "7"]
[White "Fiebig, Thomas"]
[Black "Nedev, Tanio"]
[Result "1/2-1/2"]
[WhiteElo "2414"]
[BlackElo "2162"]
[PlyCount "82"]
[EventDate "2012.09.01"]
[EventType "swiss"]
[EventRounds "9"]
[EventCountry "BUL"]
[SourceTitle "CBM 150 Extra"]
[Source "ChessBase"]
[SourceDate "2012.10.19"]
[SourceVersion "1"]
[SourceVersionDate "2012.10.19"]
[SourceQuality "1"]

1. e4 e5 2. Nf3 Nc6 3. Bb5 Nd4 4. Nxd4 exd4 5. 0-0 c6 6. Bc4 Nf6 7. Re1 d6 8. c3 Ng4 9. h3 Ne5 10. d3 Qb6 11. Bb3 Be7 12. Bc2 0-0 13. cxd4 Qxd4 14. Nc3 Ng6 15. Be3 Qf6 16. d4 Nh4 17. Qh5 Qg6 18. Qxg6 Nxg6 19. f4 f5 20. Bb3+ Kh8 21. e5 d5 22. g3 Rd8 23. Rac1 Nf8 24. Na4 Ne6 25. Kg2 Bd7 26. g4 g6 27. Kf3 Rf8 28. g5 Bxg5 29. Nc5 Nxc5 30. dxc5 Bh4 31. Bf2 Bxf2 32. Kxf2 Be6 33. h4 Rg8 34. Rg1 Kg7 35. Ke3 Kf7 36. Kd4 h6 37. Bd1 Ke7 38. Rc2 Rg7 39. Rcg2 Rag8 40. a3 Bf7 41. Bh5 Ke6 1/2-1/2

[Event "Kesarovski Georgiev Memorial 11th"]
[Site "Sunny Beach"]
[Date "2012.09.03"]
[Round "3"]
[White "Koelbl, Wolfgang"]
[Black "Nedev, Tanio"]
[Result "1/2-1/2"]
[WhiteElo "1883"]
[BlackElo "2162"]
[PlyCount "76"]
[EventDate "2012.09.01"]
[EventType "swiss"]
[EventRounds "9"]
[EventCountry "BUL"]
[SourceTitle "CBM 150 Extra"]
[Source "ChessBase"]
[SourceDate "2012.10.19"]
[SourceVersion "1"]
[SourceVersionDate "2012.10.19"]
[SourceQuality "1"]

1. d4 Nf6 2. Nf3 g6 3. c3 Bg7 4. Bg5 d5 5. Nbd2 0-0 6. e3 c5 7. dxc5 Nc6 8. Be2 a5 9. 0-0 h6 10. Bh4 g5 11. Bg3 Nh5 12. Qc2 Nxg3 13. hxg3 e5 14. Rad1 Be6 15. e4 d4 16. Nc4 Qe7 17. Nd6 b6 18. cxd4 exd4 19. Qa4 Nb4 20. Nxd4 bxc5 21. N4f5 Bxf5 22. Nxf5 Qxe4 23. Bd3 Qe5 24. Nxg7 Nxd3 25. Rxd3 Kxg7 26. Qc2 Rfd8 27. b3 a4 28. Rc1 axb3 29. axb3 Ra1 30. Rxa1 Qxa1+ 31. Kh2 Re8 32. Qc3+ Qxc3 33. Rxc3 Re5 34. g4 f5 35. gxf5 Rxf5 36. f3 h5 37. g4 hxg4 38. fxg4 Re5 1/2-1/2